| 000 | 00803cam a2200229 4500 | ||
|---|---|---|---|
| 001 | ABS65992 | ||
| 008 | 021002n2002 000 0 eng u | ||
| 035 | _a(Sirsi) u119971 | ||
| 100 | _aBarrie, G | ||
| 245 | _aPublic property | ||
| 260 | _c2002 | ||
| 490 |
_aProperty Week _v67(36) 20 September Week, 49-58(7) |
||
| 520 | _aSpecial report on public property with articles on Birmingham and the hosting of urban summit in late October/early November, Manchester and its New Islington development and "Battle of the planners" which discusses the issues in the on-going local authority planners dispute. | ||
| 590 | _aABS | ||
| 650 | _aBIRMINGHAM | ||
| 650 | _aMANCHESTER | ||
| 650 | _aREGENERATION | ||
| 650 | _aPLANNERS | ||
| 690 | _aREGENERATION | ||
| 700 | _aBlackman, D. | ||
| 942 | _n0 | ||
| 999 |
_c71288 _d71288 |
||